00661 2200241 4500001002100000005001700021008004100038020002200079035002400101040001200125082000800137090001800145100001600163245008200179250001100261260003600272300002800308500001900336650002100355700001000376850001200386999002100398YOGYA-0712000000040520120730203737.0 ind  a978-602-19013-0-4 0010-071200000000405 aYOPDYOG a372 aDEP 372 Isn B aISNAENI, M. aBermain Kata dan Angka /cM. Isnaeni; penyunting Ainia; ilustrasi, M. Isnaeni aCet.1. aYogyakartabBenteng Beliac2012 a24 hlm.bilus. ;c24 cm aLaskar Pelangi aPendidikan Dasar aAinia aYOPDYOG aCB-D.11 2012-129